00516nam a2200157Ia 4500003000900000008004100009020002200050040001600072080001900088100002100107245011500128260004400243300001500287650003000302650002600332IN-BaIIA211028s9999 xx 000 0 eng d a978-0-547-33604-6 cIIA Library a[8]:01:00bLEV aLevenson, Thomas 0aNewton and the counterfeiterbthe unknown detective career of the World's greatest scientistcThomas. Levenson aBostonbHoughton Mifflin Harcourtc2010 axii, 318p. aBiography - Newton, Issac aPhysicist - Biography